I ragazzi stanno bene /

保存先:
書誌詳細
第一著者: Burwell, Carter (作曲家)
その他の著者: Cholodenko, Lisa (デイレクター, シナリオライター), Gilbert, Gary (プロデューサー), Taplin Lundberg, Daniela (プロデューサー), Rattray, Celine (プロデューサー), DaCosta, Yaya (俳優), Horowitz, Jordan (produttore) (プロデューサー), Hellmann, Philippe (プロデューサー), Blumberg, Stuart (シナリオライター), Bening, Annette (俳優), Hutcherson, Josh (俳優), Moore, Julianne (俳優), Levy Hinte, Jeffrey (プロデューサー), Jadue-Lillo, Igor (写真家), Wasikowska, Mia (俳優), Ruffalo, Mark (俳優)
フォーマット: スライド
言語:イタリア語
英語
出版事項: [Roma] : LuckyRed Homevideo, ©2011
タグ: タグ追加
タグなし, このレコードへの初めてのタグを付けませんか!

MARC

LEADER 00000ngm a22000007i 4500
001 IT\ICCU\LO1\1374802
003 ItRI
005 20260124182853.0
008 110818s2011 it |||||||||||||||k|||||c
024 3 1 |a 8022469071133 
028 4 2 |a AK2RF07112 
028 4 2 |a AK2SF07113  |b Medusa 
040 |b ita 
041 7 |a ita  |a eng  |2 ISO-639-2 
082 |a 791.43  |9 CINEMA  |2 19 
130 4 |a The kids are all right <film ; 2010>  |3 IT\ICCU\LO1\1374803 
245 0 2 |a I ragazzi stanno bene /  |c regia di Lisa Cholodenko ; scritto da Lisa Cholodenko e Stuart Blumberg ; direttore della fotografia Igor Jadue-Lillo ; musiche di Carter Burwell ; prodotto da Gary Gilbert, Jeffrey Levy-Hinte, Celine Rattray, Jordan Horowitz, Daniela Taplin Lundberg, Philippe Hellmann ; [cast] Annette Bening, Julianne Moore, Mark Ruffalo ... [et al.]. 
260 |a [Roma] :  |b LuckyRed Homevideo,  |c ©2011 
300 |a 1 DVD-video (circa 102 min) :  |b a colori, PAL ;  |c 12 cm  
500 |a Titolo del contenitore 
500 |a Luogo di pubblicazione ricavato da fonte esterna 
500 |a Caratteristiche tecniche: regione 2; PAL; 1.78:1, anamorfico 16:9; DVD 9; Dolby digital 5.1, DTS; color 
500 |a Produzione cinematografica USA, 2010 
500 |a Interpreti: Annette Bening, Julianne Moore, Mark Ruffalo 
500 |a Lingue: italiano, inglese; sottotitoli: italiano, italiano non udenti 
500 |a Contenuti extra: Trailer ; Storia di un film non convenzionale ; La conferenza stampa ; Red carpet al Festival di Roma 
500 |a Distribuito anche come supporto integrativo alle testate Mondadori. 
700 1 |a Cholodenko, Lisa  |0 IT\ICCU\CAGV\389496  |4 drt 
700 1 |a Cholodenko, Lisa  |0 IT\ICCU\CAGV\389496  |4 sce 
700 1 |a Gilbert, Gary  |0 IT\ICCU\DDSV\034899  |4 pro 
700 1 |a Taplin Lundberg, Daniela  |0 IT\ICCU\DDSV\203549  |4 pro 
700 1 |a Rattray, Celine  |0 IT\ICCU\DDSV\203551  |4 pro 
700 1 |a DaCosta, Yaya  |0 IT\ICCU\DDSV\213150  |4 act 
700 1 |a Horowitz, Jordan  |c  (produttore)  |0 IT\ICCU\DDSV\356957  |4 pro 
700 1 |a Hellmann, Philippe  |0 IT\ICCU\DDSV\356958  |4 pro 
700 1 |a Blumberg, Stuart  |0 IT\ICCU\LO1V\253831  |4 sce 
700 1 |a Bening, Annette  |0 IT\ICCU\MILV\233202  |4 act 
700 1 |a Hutcherson, Josh  |0 IT\ICCU\MODV\539745  |4 act 
700 1 |a Burwell, Carter  |0 IT\ICCU\RAVV\088556  |4 cmp 
700 1 |a Moore, Julianne  |0 IT\ICCU\RAVV\222126  |4 act 
700 1 |a Levy Hinte, Jeffrey  |0 IT\ICCU\RAVV\455469  |4 pro 
700 1 |a Jadue-Lillo, Igor  |0 IT\ICCU\RAVV\522757  |4 pht 
700 1 |a Wasikowska, Mia  |0 IT\ICCU\RAVV\662475  |4 act 
700 1 |a Ruffalo, Mark  |0 IT\ICCU\UBOV\680557  |4 act 
710 2 |a Lucky Red  |0 IT\ICCU\NAPV\131922  |4 pbl 
791 2 |a Lucky Red Home Video  |3 IT\ICCU\MODV\664425  |z Lucky Red 
791 2 |a Luckyred  |3 IT\ICCU\MODV\666674  |z Lucky Red 
942 |2 ddc  |c VM  |n 0 
952 |0 0  |1 0  |4 0  |6 VO_1921_000000000000000  |7 0  |9 27317  |a BO  |b BO  |d 2026-01-24  |i 15700  |l 0  |o VO 1921  |p BO15700  |r 2026-01-24 18:28:53  |w 2026-01-24  |x [Sebina 5] [1 dvd]  |y VM  |z 1 dvd 
999 |c 23131  |d 23131